[Event "CZE-chT2C 1011"]
[Site "Czech Republic"]
[Date "2010.11.07"]
[Round "2.2"]
[White "Meduna, Eduard"]
[Black "Vaculik, Martin"]
[Result "1-0"]
[WhiteElo "2426"]
[BlackElo "2281"]
[PlyCount "37"]
[EventDate "2010.10.17"]
[EventType "team-tourn"]
[EventRounds "11"]
[EventCountry "CZE"]
[SourceTitle "EXT 2012"]
[Source "ChessBase"]
[SourceDate "2011.11.24"]
[SourceVersion "1"]
[SourceVersionDate "2011.11.24"]
[SourceQuality "1"]
[WhiteTeam "Jicin II"]
[BlackTeam "Turnov Zikuda II"]
[WhiteTeamCountry "CZE"]
[BlackTeamCountry "CZE"]

1. d4 d5 2. Bg5 Nf6 3. Bxf6 exf6 4. e3 c6 5. c4 dxc4 6. Bxc4 Be6 7. Bxe6 fxe6 8. Qb3 Qd7 9. Nc3 Na6 10. Nf3 Be7 11. 0-0 0-0 12. Rfd1 Nc7 13. e4 Rfc8 14. d5 cxd5 15. exd5 Qd6 16. Nd4 exd5 17. Nf5 Qe6 18. Nxd5 Nxd5 19. Qxd5 1-0